| 000 | 00489nam a22001937a 4500 | ||
|---|---|---|---|
| 999 |
_c16823 _d16823 |
||
| 003 | OSt | ||
| 005 | 20180427121246.0 | ||
| 008 | 180427b xxu||||| |||| 00| 0 eng d | ||
| 020 | _a9788131709399 | ||
| 040 | _cKABU | ||
| 050 |
_aHF 5681 _b.F67 1986 C.1 |
||
| 100 | _aFoster, George. | ||
| 245 |
_aFinancial statement analysis: _cGeorge Foster. |
||
| 250 | _a2nd ed. | ||
| 260 |
_aIndia: _bPearson; _c1986. |
||
| 300 | _axii, 625p. | ||
| 650 | _aFinancial Statements | ||
| 942 |
_2lcc _cBK |
||